[Event "Catalunya Club op"]
[Site "Spain"]
[Date "1999.??.??"]
[Round "?"]
[White "Baeza Labat, Josep Miguel"]
[Black "Gonzalez Esteban, German"]
[Result "1-0"]
[WhiteElo "1995"]
[BlackElo "2190"]
[PlyCount "56"]
[EventDate "1999.??.??"]
[EventType "swiss"]
[EventRounds "9"]
[EventCountry "ESP"]
[SourceTitle "EXT 2000"]
[Source "ChessBase"]
[SourceDate "1999.11.16"]
[SourceVersion "1"]
[SourceVersionDate "1999.11.16"]
[SourceQuality "1"]

1. e4 c5 2. Nf3 Nc6 3. Bb5 Qb6 4. Nc3 e6 5. 0-0 a6 6. Bxc6 Qxc6 7. d4 cxd4 8. Nxd4 Qc7 9. Re1 Ne7 10. Ndb5 axb5 11. Nxb5 Qc5 12. Nd6+ Kd8 13. Nxf7+ Ke8 14. Be3 Qa5 15. b4 Qc7 16. Nd6+ Kd8 17. Nf7+ Ke8 18. Nxh8 Qe5 19. Bd4 Qf4 20. Qh5+ g6 21. Qxh7 e5 22. Bxe5 Qh6 23. Qf7+ Kd8 24. Bf6 Ra6 25. Nxg6 Re6 26. Rad1 d6 27. Rxd6+ Kc7 28. Rxe6 Qxg6 1-0

[Event "Barcelona Tres Peons op"]
[Site "Barcelona"]
[Date "1999.??.??"]
[Round "7"]
[White "Canellas Magide, Lluis"]
[Black "Gonzalez Esteban, German"]
[Result "1-0"]
[WhiteElo "2075"]
[BlackElo "2190"]
[PlyCount "59"]
[EventDate "1999.??.??"]
[EventType "swiss"]
[EventRounds "9"]
[EventCountry "ESP"]
[SourceTitle "EXT 2000"]
[Source "ChessBase"]
[SourceDate "1999.11.16"]
[SourceVersion "1"]
[SourceVersionDate "1999.11.16"]
[SourceQuality "1"]

1. f4 d5 2. Nf3 c5 3. g3 Nc6 4. Bg2 Nf6 5. 0-0 e6 6. d3 Bd6 7. Nbd2 0-0 8. e4 Ng4 9. Qe2 c4 10. Nb1 Bc5+ 11. Kh1 cxd3 12. cxd3 Qb6 13. h3 Nf2+ 14. Kh2 dxe4 15. dxe4 Bd7 16. Nc3 Ne7 17. Ne5 Be8 18. Bd2 Rd8 19. Be1 f6 20. Nc4 Qa6 21. Bxf2 Bb4 22. Rac1 Rc8 23. a3 Bxc3 24. Rxc3 Rxc4 25. Rxc4 Bb5 26. Rfc1 Kf7 27. Qh5+ Kg8 28. Rc7 Nc6 29. Bc5 Rd8 30. Qf7+ 1-0

[Event "Catalunya Club op"]
[Site "Spain"]
[Date "1999.??.??"]
[Round "?"]
[White "Gabarro Sole, Ramon"]
[Black "Gonzalez Esteban, German"]
[Result "1-0"]
[WhiteElo "2205"]
[BlackElo "2190"]
[PlyCount "87"]
[EventDate "1999.??.??"]
[EventType "swiss"]
[EventRounds "9"]
[EventCountry "ESP"]
[SourceTitle "EXT 2000"]
[Source "ChessBase"]
[SourceDate "1999.11.16"]
[SourceVersion "1"]
[SourceVersionDate "1999.11.16"]
[SourceQuality "1"]

1. e4 c5 2. Nf3 Nc6 3. d4 cxd4 4. Nxd4 Nf6 5. Nc3 d6 6. Bc4 Qb6 7. Nb3 e6 8. 0-0 Ne5 9. Bb5+ Bd7 10. Bxd7+ Nfxd7 11. Be3 Qc6 12. Nd4 Qc7 13. Ndb5 Qb8 14. f4 Nc4 15. Qe2 Nxe3 16. Qxe3 a6 17. Nd4 Be7 18. f5 e5 19. Nb3 Nf6 20. Kh1 b5 21. Rfd1 Qc7 22. Rac1 Qa7 23. Qe2 h5 24. Nd5 Ng4 25. Rf1 Bg5 26. Rcd1 Rc8 27. Rd3 Bd8 28. Rh3 Rh6 29. c3 Rc4 30. Nd2 Rc6 31. Rg3 Kf8 32. Rxg4 hxg4 33. Qxg4 Rc4 34. Nxc4 bxc4 35. f6 g6 36. Qc8 Ke8 37. Qxc4 Qb7 38. b4 Rh5 39. a4 Qa7 40. Qc6+ Qd7 41. Qxa6 Kf8 42. a5 Rh4 43. Qd3 Qg4 44. a6 1-0

[Event "Catalunya Club op"]
[Site "Spain"]
[Date "1999.??.??"]
[Round "?"]
[White "Gonzalez Esteban, German"]
[Black "Grillo Torres, Guillermo"]
[Result "1/2-1/2"]
[WhiteElo "2190"]
[BlackElo "2030"]
[PlyCount "91"]
[EventDate "1999.??.??"]
[EventType "swiss"]
[EventRounds "9"]
[EventCountry "ESP"]
[SourceTitle "EXT 2000"]
[Source "ChessBase"]
[SourceDate "1999.11.16"]
[SourceVersion "1"]
[SourceVersionDate "1999.11.16"]
[SourceQuality "1"]

1. d4 d5 2. c4 e6 3. Nc3 Nf6 4. Bg5 Be7 5. e3 0-0 6. Nf3 Nbd7 7. Rc1 c6 8. Bd3 h6 9. Bh4 dxc4 10. Bxc4 b5 11. Bd3 a6 12. 0-0 Bb7 13. a4 b4 14. Ne4 Nxe4 15. Bxe7 Nxf2 16. Bh7+ Kh8 17. Bxd8 Nxd1 18. Rfxd1 Rfxd8 19. Be4 Rac8 20. Ne5 Nxe5 21. dxe5 Ba8 22. Kf2 Rxd1 23. Rxd1 c5 24. Bxa8 Rxa8 25. Rd7 Rc8 26. Rxf7 c4 27. Ke2 Rc5 28. Ra7 a5 29. Rb7 Rxe5 30. Rb5 Rd5 31. e4 Rd3 32. Rxa5 Rb3 33. Rc5 Rxb2+ 34. Kd1 c3 35. a5 Rxg2 36. a6 Ra2 37. Rc6 e5 38. Rb6 Ra4 39. Kc2 Ra2+ 40. Kb1 c2+ 41. Kc1 b3 42. Rxb3 Rxa6 43. Rb5 Ra1+ 44. Kxc2 Ra2+ 45. Kd3 Rxh2 46. Rxe5 1/2-1/2

[Event "Catalunya Club op"]
[Site "Spain"]
[Date "1999.??.??"]
[Round "?"]
[White "Gonzalez Esteban, German"]
[Black "Valarezo Ricard, Pedro"]
[Result "1-0"]
[WhiteElo "2190"]
[BlackElo "2035"]
[PlyCount "76"]
[EventDate "1999.??.??"]
[EventType "swiss"]
[EventRounds "9"]
[EventCountry "ESP"]
[SourceTitle "EXT 2000"]
[Source "ChessBase"]
[SourceDate "1999.11.16"]
[SourceVersion "1"]
[SourceVersionDate "1999.11.16"]
[SourceQuality "1"]

1. d4 d5 2. c4 c6 3. Nf3 Nf6 4. Nc3 e6 5. Bg5 Nbd7 6. e3 Qa5 7. cxd5 exd5 8. Bd3 h6 9. Bh4 Bb4 10. 0-0 Bxc3 11. bxc3 Qxc3 12. Rc1 Qa3 13. Bb1 0-0 14. Qc2 Ne4 15. Ne5 f5 16. Ng6 Rf7 17. Bd8 Qd6 18. Nf4 Nb6 19. Bxb6 axb6 20. a4 Qb4 21. Ba2 Bd7 22. f3 Nf6 23. Bb3 Re8 24. Nd3 Qd6 25. Ne5 Rfe7 26. e4 fxe4 27. fxe4 Be6 28. Ng6 Nxe4 29. Nxe7+ Qxe7 30. Rf4 Qb4 31. Qd3 Qa3 32. Rcf1 Qb2 33. Rb1 Qc3 34. Qxc3 Nxc3 35. Re1 Ne4 36. Bc2 g5 37. Rf3 Bg4 38. Rg3 Bc8 1-0

[Event "Barcelona Tres Peons op"]
[Site "Barcelona"]
[Date "1999.??.??"]
[Round "4"]
[White "Gonzalez Esteban, German"]
[Black "Vallbona Domingo, Joan"]
[Result "0-1"]
[WhiteElo "2190"]
[BlackElo "2050"]
[PlyCount "80"]
[EventDate "1999.??.??"]
[EventType "swiss"]
[EventRounds "9"]
[EventCountry "ESP"]
[SourceTitle "EXT 2000"]
[Source "ChessBase"]
[SourceDate "1999.11.16"]
[SourceVersion "1"]
[SourceVersionDate "1999.11.16"]
[SourceQuality "1"]

1. d4 Nf6 2. c4 e6 3. Nc3 d5 4. Bg5 Nbd7 5. e3 c6 6. Bd3 Qa5 7. Bh4 dxc4 8. Bxc4 Ne4 9. Qc2 Nxc3 10. bxc3 Bd6 11. Nf3 Nb6 12. Bb3 Nd5 13. 0-0 Qxc3 14. Qe2 Qa5 15. Nd2 Qc7 16. h3 0-0 17. Nc4 Be7 18. Bg3 Qd8 19. Rac1 Nb6 20. Ne5 Nd7 21. Nf3 Nf6 22. e4 Bd7 23. Rfd1 Re8 24. Ng5 h6 25. Nf3 Rc8 26. Qd3 Nh7 27. Ne5 Bf6 28. Nc4 Be7 29. Bc2 Nf8 30. Nd6 Bxd6 31. Bxd6 b6 32. e5 g6 33. Qe4 Qg5 34. Qf3 c5 35. h4 Qxh4 36. dxc5 Bc6 37. Qe2 Qg5 38. Be4 bxc5 39. Bxc6 Rxc6 40. Qf3 Rec8 0-1

[Event "Catalunya Club op"]
[Site "Spain"]
[Date "1999.??.??"]
[Round "?"]
[White "Vigo Allepuz, David"]
[Black "Gonzalez Esteban, German"]
[Result "1-0"]
[WhiteElo "2080"]
[BlackElo "2190"]
[PlyCount "83"]
[EventDate "1999.??.??"]
[EventType "swiss"]
[EventRounds "9"]
[EventCountry "ESP"]
[SourceTitle "EXT 2000"]
[Source "ChessBase"]
[SourceDate "1999.11.16"]
[SourceVersion "1"]
[SourceVersionDate "1999.11.16"]
[SourceQuality "1"]

1. d4 Nf6 2. Nf3 d5 3. b3 Bf5 4. e3 e6 5. Bd3 Ne4 6. 0-0 Bd6 7. c4 c6 8. a4 Qf6 9. h3 g5 10. Nfd2 g4 11. Bxe4 dxe4 12. Nc3 Qg6 13. h4 g3 14. h5 gxf2+ 15. Rxf2 Qg3 16. Nf1 Qh4 17. d5 Be5 18. dxc6 Nxc6 19. Bb2 Rd8 20. Rd2 Rxd2 21. Qxd2 Qxh5 22. Ba3 f6 23. Rd1 Qf7 24. b4 0-0 25. b5 Rd8 26. Qc2 Rxd1 27. Nxd1 Ne7 28. Qd2 Qe8 29. Qa5 Bb8 30. Nc3 Qd7 31. Qb4 Kf7 32. c5 Nd5 33. Qc4 Qc7 34. Nxe4 Bxe4 35. Qxe4 f5 36. Qh4 Kg6 37. g4 Qe5 38. Qh5+ Kg7 39. g5 Nxe3 40. Qh6+ Kg8 41. c6 Bd6 42. c7 1-0

[Event "Barcelona op-A"]
[Site "Barcelona"]
[Date "1998.??.??"]
[Round "1"]
[White "Sopena Torra, Joan Antoni"]
[Black "Gonzalez Esteban, German"]
[Result "0-1"]
[WhiteElo "2090"]
[BlackElo "2180"]
[PlyCount "24"]
[EventDate "1998.??.??"]
[EventType "swiss"]
[EventRounds "8"]
[EventCountry "ESP"]
[SourceTitle "EXT 2019"]
[Source "ChessBase"]
[SourceDate "2018.10.10"]
[SourceVersion "1"]
[SourceVersionDate "2018.10.10"]
[SourceQuality "1"]

1. e4 c5 2. Nf3 Nc6 3. d4 cxd4 4. Nxd4 Nf6 5. Nc3 d6 6. Bc4 Qb6 7. Ndb5 a6 8. Be3 Qa5 9. Nd4 Nxe4 10. Bxf7+ Kxf7 11. Qf3+ Nf6 12. Nxc6 bxc6 0-1

[Event "Barcelona La Lira op"]
[Site "Barcelona"]
[Date "1995.??.??"]
[Round "8"]
[White "Colom Andres, Xavier"]
[Black "Gonzalez Esteban, German"]
[Result "0-1"]
[WhiteElo "2075"]
[BlackElo "2140"]
[PlyCount "65"]
[EventDate "1995.04.??"]
[EventType "swiss"]
[EventRounds "9"]
[EventCountry "ESP"]
[SourceTitle "EXT 2003"]
[Source "ChessBase"]
[SourceDate "2002.11.25"]
[SourceVersion "1"]
[SourceVersionDate "2002.11.25"]
[SourceQuality "1"]

1. d4 Nf6 2. c4 e6 3. Nc3 Bb4 4. e3 0-0 5. Bd3 d5 6. Nge2 c5 7. cxd5 Nxd5 8. a3 cxd4 9. axb4 dxc3 10. bxc3 Qf6 11. Qb3 Nc6 12. Bb2 Ne5 13. Be4 b5 14. Nd4 Nxe3 15. Nxb5 Nxg2+ 16. Ke2 Nf4+ 17. Kd2 Rd8+ 18. Nd4 Nd5 19. f3 Qf4+ 20. Kc2 Bb7 21. Bc1 Qh4 22. Bd2 Rac8 23. Rxa7 Ba8 24. Rha1 Qf2 25. Kc1 Qg1+ 26. Kc2 Qxh2 27. Qa3 Nc4 28. Qc1 Nde3+ 29. Kd3 Bxe4+ 30. fxe4 Nxd2 31. Qxd2 Qxd2+ 32. Kxd2 Nc4+ 33. Kc2 0-1

[Event "Barcelona La Lira op"]
[Site "Barcelona"]
[Date "1995.??.??"]
[Round "2"]
[White "Daimiel Bescos, Eleuterio"]
[Black "Gonzalez Esteban, German"]
[Result "1/2-1/2"]
[WhiteElo "2000"]
[BlackElo "2140"]
[PlyCount "92"]
[EventDate "1995.04.??"]
[EventType "swiss"]
[EventRounds "9"]
[EventCountry "ESP"]
[SourceTitle "EXT 2003"]
[Source "ChessBase"]
[SourceDate "2002.11.25"]
[SourceVersion "1"]
[SourceVersionDate "2002.11.25"]
[SourceQuality "1"]

1. e4 c5 2. Nf3 Nc6 3. d4 cxd4 4. Nxd4 Nf6 5. Nc3 d6 6. Be3 Ng4 7. Qd2 Nxe3 8. Qxe3 Qb6 9. Nb3 Qxe3+ 10. fxe3 Bd7 11. Bc4 g6 12. Nd4 Bh6 13. Ke2 Bg4+ 14. Nf3 Rc8 15. h3 Bd7 16. Bb3 Na5 17. Rac1 Nxb3 18. cxb3 Bg7 19. Nd4 a6 20. Nd5 e6 21. Nb6 Rc5 22. Nxd7 Kxd7 23. Kd3 Rhc8 24. Rc3 f5 25. Rhc1 fxe4+ 26. Kxe4 Rxc3 27. bxc3 d5+ 28. Kd3 e5 29. Ne2 b5 30. e4 Ke6 31. exd5+ Kxd5 32. Rf1 e4+ 33. Kc2 Rf8 34. Rxf8 Bxf8 35. Ng3 Bd6 36. Ne2 Be5 37. Kd2 Bf6 38. Ng3 Bg5+ 39. Ke2 Bf4 40. Nf1 Bg5 41. Ne3+ Ke5 42. Kf2 h5 43. g3 a5 44. Ke2 Bh6 45. c4 Kd4 46. cxb5 h4 1/2-1/2

[Event "Barcelona La Lira op"]
[Site "Barcelona"]
[Date "1995.??.??"]
[Round "9"]
[White "Ferran Biosca, Robert"]
[Black "Gonzalez Esteban, German"]
[Result "1/2-1/2"]
[WhiteElo "2275"]
[BlackElo "2140"]
[PlyCount "41"]
[EventDate "1995.04.??"]
[EventType "swiss"]
[EventRounds "9"]
[EventCountry "ESP"]
[SourceTitle "EXT 2003"]
[Source "ChessBase"]
[SourceDate "2002.11.25"]
[SourceVersion "1"]
[SourceVersionDate "2002.11.25"]
[SourceQuality "1"]

1. Nf3 Nf6 2. d4 d5 3. g3 e6 4. Bg2 Be7 5. 0-0 b6 6. c4 Bb7 7. Ne5 0-0 8. Qa4 Qe8 9. Qc2 c5 10. dxc5 Bxc5 11. Nc3 Qc8 12. cxd5 Nxd5 13. Nxd5 Bxd5 14. Qa4 Bxg2 15. Kxg2 Qb7+ 16. Kg1 Rd8 17. Bf4 Nd7 18. Rad1 Nxe5 19. Bxe5 Rd5 20. Bc3 Rad8 21. Rxd5 1/2-1/2

[Event "Barcelona La Lira op"]
[Site "Barcelona"]
[Date "1995.??.??"]
[Round "3"]
[White "Gonzalez Esteban, German"]
[Black "Zancas Vidal, Francisco Miguel"]
[Result "0-1"]
[WhiteElo "2140"]
[BlackElo "2105"]
[PlyCount "126"]
[EventDate "1995.04.??"]
[EventType "swiss"]
[EventRounds "9"]
[EventCountry "ESP"]
[SourceTitle "EXT 2003"]
[Source "ChessBase"]
[SourceDate "2002.11.25"]
[SourceVersion "1"]
[SourceVersionDate "2002.11.25"]
[SourceQuality "1"]

1. d4 Nf6 2. c4 e5 3. dxe5 Ne4 4. Nf3 Nc6 5. e3 Bb4+ 6. Nbd2 Qe7 7. Bd3 Nc5 8. Be2 Nxe5 9. Nxe5 Qxe5 10. 0-0 Bxd2 11. Qxd2 d6 12. Qd4 a5 13. b3 Ne6 14. Qb2 0-0 15. f4 Qxb2 16. Bxb2 Nc5 17. Bf3 f5 18. h3 Re8 19. Bd4 Ne4 20. Rfd1 b6 21. g4 Rb8 22. Kh2 fxg4 23. hxg4 Nf2 24. Rg1 c5 25. Rg2 cxd4 26. Rxf2 dxe3 27. Re2 Bb7 28. Kg3 Bxf3 29. Kxf3 b5 30. cxb5 Rxb5 31. Rd1 d5 32. Rd4 Kf7 33. Rxe3 Rxe3+ 34. Kxe3 Ke6 35. Kd3 Kd6 36. Ke3 Kc5 37. Rd2 Rb4 38. Rc2+ Kd6 39. Rh2 h6 40. Rc2 a4 41. Rb2 g5 42. fxg5 hxg5 43. Kf3 axb3 44. Rxb3 Rf4+ 45. Kg3 Ra4 46. Rf3 d4 47. Rf5 d3 48. Kf3 Rd4 49. Ke3 d2 50. Kxd4 d1Q+ 51. Ke3 Qxg4 52. Rf2 Qc4 53. Rf6+ Ke5 54. Rf2 g4 55. Rg2 Qc3+ 56. Kf2 Kf4 57. Kf1 Qa1+ 58. Ke2 Qxa2+ 59. Kf1 Qb1+ 60. Ke2 Qc2+ 61. Kf1 Qd1+ 62. Kf2 g3+ 63. Rxg3 Qc2+ 0-1

[Event "Barcelona La Lira op"]
[Site "Barcelona"]
[Date "1995.??.??"]
[Round "4"]
[White "Nunez Portabales, Maximino"]
[Black "Gonzalez Esteban, German"]
[Result "1-0"]
[WhiteElo "2050"]
[BlackElo "2140"]
[PlyCount "125"]
[EventDate "1995.04.??"]
[EventType "swiss"]
[EventRounds "9"]
[EventCountry "ESP"]
[SourceTitle "EXT 2003"]
[Source "ChessBase"]
[SourceDate "2002.11.25"]
[SourceVersion "1"]
[SourceVersionDate "2002.11.25"]
[SourceQuality "1"]

1. e4 e5 2. Nf3 Nc6 3. Bb5 a6 4. Ba4 Nf6 5. 0-0 Be7 6. Re1 b5 7. Bb3 0-0 8. c3 d6 9. h3 Bb7 10. d4 Re8 11. Nbd2 Bf8 12. Bc2 h6 13. Nf1 exd4 14. cxd4 Nb4 15. Ng3 Nxc2 16. Qxc2 Qd7 17. Bd2 Rac8 18. Rac1 Re7 19. Nh4 g6 20. f4 d5 21. e5 Ne4 22. Kh2 Re6 23. Qd3 c5 24. dxc5 Bxc5 25. Nxe4 Be7 26. Nf3 Rd8 27. Nc5 Bxc5 28. Rxc5 d4 29. Rec1 Rc6 30. Ba5 Rxc5 31. Rxc5 Re8 32. Qxd4 Qf5 33. Rc7 Bxf3 34. gxf3 Qe6 35. Bc3 Qf5 36. e6 f6 37. e7 Qe6 38. Qe4 Qf7 39. Bb4 Kg7 40. Rd7 Qxa2 41. Rd8 Qxb2+ 42. Kg3 h5 43. h4 Qc1 44. Kf2 Qb2+ 45. Qe2 Qxe2+ 46. Kxe2 Kf7 47. Rxe8 Kxe8 48. Bc5 a5 49. Bd4 Kxe7 50. Kd3 Ke6 51. Bb6 a4 52. Kc3 Kf5 53. Be3 g5 54. fxg5 fxg5 55. Bxg5 Ke5 56. Kb4 Kf5 57. Bc1 Ke5 58. Kxb5 a3 59. Bxa3 Kf4 60. Be7 Kxf3 61. Kc5 Ke4 62. Kd6 Kf5 63. Bg5 1-0